<?xml version="1.0" encoding="UTF-8"?>
<record
    xmlns:xsi="http://www.w3.org/2001/XMLSchema-instance"
    xsi:schemaLocation="http://www.loc.gov/MARC21/slim http://www.loc.gov/standards/marcxml/schema/MARC21slim.xsd"
    xmlns="http://www.loc.gov/MARC21/slim">

  <leader>01511nam a22002897a 4500</leader>
  <controlfield tag="008">170902s2005        ne||||| |||| 00| 0 eng d</controlfield>
  <datafield tag="020" ind1=" " ind2=" ">
    <subfield code="a">9073501660</subfield>
  </datafield>
  <datafield tag="082" ind1="0" ind2="4">
    <subfield code="a">709.22</subfield>
    <subfield code="b">D284i</subfield>
  </datafield>
  <datafield tag="100" ind1="1" ind2=" ">
    <subfield code="a">Van Duyn, Edna.</subfield>
    <subfield code="9">5960</subfield>
  </datafield>
  <datafield tag="245" ind1="1" ind2="3">
    <subfield code="a">If  walls had ears :</subfield>
    <subfield code="b">1984 - 2005 /</subfield>
    <subfield code="c">editado por Edna Van Duyn ; De Appel.</subfield>
  </datafield>
  <datafield tag="246" ind1="2" ind2="1">
    <subfield code="a">Als nureb oren hadden.</subfield>
  </datafield>
  <datafield tag="250" ind1=" " ind2=" ">
    <subfield code="a">1a edici&#xF3;n.</subfield>
  </datafield>
  <datafield tag="260" ind1=" " ind2=" ">
    <subfield code="a">Amsterdam, Pa&#xED;ses Bajos :</subfield>
    <subfield code="b">De Appel,</subfield>
    <subfield code="c">2005.</subfield>
  </datafield>
  <datafield tag="300" ind1=" " ind2=" ">
    <subfield code="a">704 p&#xE1;ginas :</subfield>
    <subfield code="b">ilustraciones en color.</subfield>
  </datafield>
  <datafield tag="505" ind1="0" ind2=" ">
    <subfield code="t">From a different perspective - introduction</subfield>
    <subfield code="r">Saskia Bos,</subfield>
    <subfield code="t">Shape shifter: a new internationalism</subfield>
    <subfield code="r">Gavin Jantjes.</subfield>
    <subfield code="t">Installation included</subfield>
    <subfield code="r">Michael Archer.</subfield>
    <subfield code="t">Beginning to see the weight</subfield>
    <subfield code="r">J&#xF6;rg Heiser.</subfield>
    <subfield code="t">Paradigms shifted</subfield>
    <subfield code="r">Hou Hanru.</subfield>
    <subfield code="t">Art is a bicth</subfield>
    <subfield code="r">Luk Lambrecht.</subfield>
    <subfield code="t">Micro and macro worlds</subfield>
    <subfield code="r">Annelie Pohlen.</subfield>
    <subfield code="t">What the point of institutions like De Appel?</subfield>
    <subfield code="r">Charles Esche.</subfield>
    <subfield code="t">Reflections</subfield>
    <subfield code="r">Edna van Duyn.</subfield>
    <subfield code="t">Publications</subfield>
    <subfield code="r">De Appel 1984 - 2005.</subfield>
    <subfield code="t">Kunstenaars artists A - Z</subfield>
    <subfield code="r">De Appel 1975 - 2005.</subfield>
    <subfield code="t">Deelnemers participants</subfield>
    <subfield code="r">Curatorial Training Programme 1995 - 2005.</subfield>
    <subfield code="t">Tentoonstellingen exhibitions </subfield>
    <subfield code="r">De Appel 1984 - 2005.</subfield>
  </datafield>
  <datafield tag="653" ind1="1" ind2="0">
    <subfield code="a">Arte contempor&#xE1;neo</subfield>
  </datafield>
  <datafield tag="653" ind1="1" ind2="0">
    <subfield code="a">Arte - Pa&#xED;ses Bajos</subfield>
  </datafield>
  <datafield tag="653" ind1="1" ind2="0">
    <subfield code="a">Arte - Educaci&#xF3;n e investigaci&#xF3;n</subfield>
  </datafield>
  <datafield tag="653" ind1="1" ind2="0">
    <subfield code="a">Curadur&#xED;a</subfield>
  </datafield>
  <datafield tag="653" ind1="1" ind2="0">
    <subfield code="a">Arte internacional</subfield>
  </datafield>
  <datafield tag="653" ind1="1" ind2="0">
    <subfield code="a">Organizaciones art&#xED;sticas independientes</subfield>
  </datafield>
  <datafield tag="653" ind1="1" ind2="0">
    <subfield code="a">Espacios culturales</subfield>
  </datafield>
  <datafield tag="653" ind1="1" ind2="0">
    <subfield code="a">Exhibiciones</subfield>
  </datafield>
  <datafield tag="653" ind1="1" ind2="0">
    <subfield code="a">Ensayos</subfield>
  </datafield>
  <datafield tag="653" ind1="1" ind2="0">
    <subfield code="a">Arte - Cr&#xED;tica y apreciaci&#xF3;n</subfield>
  </datafield>
  <datafield tag="710" ind1="1" ind2=" ">
    <subfield code="a">De Appel.</subfield>
    <subfield code="9">5961</subfield>
  </datafield>
  <datafield tag="999" ind1=" " ind2=" ">
    <subfield code="c">1274</subfield>
    <subfield code="d">1274</subfield>
  </datafield>
  <datafield tag="952" ind1=" " ind2=" ">
    <subfield code="0">0</subfield>
    <subfield code="1">0</subfield>
    <subfield code="2">ddc</subfield>
    <subfield code="4">0</subfield>
    <subfield code="7">0</subfield>
    <subfield code="a">LV</subfield>
    <subfield code="b">LV</subfield>
    <subfield code="c">Monograf&#xED;as</subfield>
    <subfield code="d">2017-09-02</subfield>
    <subfield code="l">0</subfield>
    <subfield code="o">709.22 D284i</subfield>
    <subfield code="p">004466</subfield>
    <subfield code="r">2017-09-02 00:00:00</subfield>
    <subfield code="w">2017-09-02</subfield>
    <subfield code="y">01</subfield>
  </datafield>
</record>
